Súčasné problémy výkonu štátnej správy a údržby pozemných komunikácií

Bibliographic Details
Main Author: Molčányi, Mikuláš (Author)
Format: Article
Language:Slovak
Subjects:

MARC

LEADER 00000nab a2200000 a 4500
001 vtls000247168
003 SK-MaSNL
005 20260302210801.0
008 111202c1985 xo 0 slo
015 |a SNBRA19rr/mm-uuuuu 
035 |a CL0257282 
040 |a SNKBUCL  |b slo  |c SNKBUCL  |e AACR2 
041 0 |a slo 
044 |a xo  |c SK 
080 |a 625.76:351.811  |2 1981 
080 |a 351.811  |2 1981 
100 1 |a Molčányi, Mikuláš  |4 aut  |9 934303 
245 1 0 |a Súčasné problémy výkonu štátnej správy a údržby pozemných komunikácií  |c Mikuláš Molčányi 
650 0 7 |a cesty  |2 snkbucl  |9 25096 
650 0 7 |a opravy a údržba pozemných komunikácií  |2 snkbucl  |9 57565 
650 0 7 |a správa ciest  |2 snkbucl  |9 835916 
655 7 |a články zo zborníkov  |2 snkbucl  |9 166140 
773 0 |t Využitie skúseností z plánovania, projektovania, výstavby, sledovania a obnovy pozemných komunikácií  |d Bratislava : Dom techniky ČSVTS, 1985 
850 |a Slovenská národná knižnica v Martine  |a MTA001 
852 |a SNK  |b KIS3GCP 
958 |a RK 
992 |a RZB 
999 |c 1483887  |d 1485817